<?xml version="1.0" encoding="UTF-8"?><marc:collection xmlns:marc="http://www.loc.gov/MARC21/slim">
  <marc:record>
    <marc:leader>00000nam  22000008i 4500</marc:leader>
    <marc:controlfield tag="001">9.928907</marc:controlfield>
    <marc:controlfield tag="003">CaOODSP</marc:controlfield>
    <marc:controlfield tag="005">20251031142449</marc:controlfield>
    <marc:controlfield tag="006">m     o  d f      </marc:controlfield>
    <marc:controlfield tag="007">cr mn|||||||||</marc:controlfield>
    <marc:controlfield tag="008">231017t20232023oncab   ob   f000 0 eng d</marc:controlfield>
    <marc:datafield tag="020" ind1=" " ind2=" ">
      <marc:subfield code="a">9780660683126</marc:subfield>
    </marc:datafield>
    <marc:datafield tag="040" ind1=" " ind2=" ">
      <marc:subfield code="a">CaOODSP</marc:subfield>
      <marc:subfield code="b">eng</marc:subfield>
      <marc:subfield code="e">rda</marc:subfield>
      <marc:subfield code="c">CaOODSP</marc:subfield>
    </marc:datafield>
    <marc:datafield tag="043" ind1=" " ind2=" ">
      <marc:subfield code="a">n-cn-ns</marc:subfield>
      <marc:subfield code="a">n-cn-nf</marc:subfield>
      <marc:subfield code="a">ln-----</marc:subfield>
    </marc:datafield>
    <marc:datafield tag="086" ind1="1" ind2=" ">
      <marc:subfield code="a">M183-2/9064E-PDF</marc:subfield>
    </marc:datafield>
    <marc:datafield tag="100" ind1="1" ind2=" ">
      <marc:subfield code="a">Patton, E. </marc:subfield>
      <marc:subfield code="q">(Eric)</marc:subfield>
      <marc:subfield code="e">author.</marc:subfield>
    </marc:datafield>
    <marc:datafield tag="245" ind1="1" ind2="0">
      <marc:subfield code="a">Bathymetric compilation for Scotian Shelf and Newfoundland-Labrador Shelves bioregions, offshore Atlantic Canada / </marc:subfield>
      <marc:subfield code="c">E. Patton and V.E. Kostylev.</marc:subfield>
    </marc:datafield>
    <marc:datafield tag="264" ind1=" " ind2="1">
      <marc:subfield code="a">[Ottawa] : </marc:subfield>
      <marc:subfield code="b">Geological Survey of Canada, </marc:subfield>
      <marc:subfield code="c">2023.</marc:subfield>
    </marc:datafield>
    <marc:datafield tag="264" ind1=" " ind2="4">
      <marc:subfield code="c">©2023</marc:subfield>
    </marc:datafield>
    <marc:datafield tag="300" ind1=" " ind2=" ">
      <marc:subfield code="a">1 online resource (iii, 29 pages) : </marc:subfield>
      <marc:subfield code="b">colour illustrations, colour maps.</marc:subfield>
    </marc:datafield>
    <marc:datafield tag="336" ind1=" " ind2=" ">
      <marc:subfield code="a">text</marc:subfield>
      <marc:subfield code="b">txt</marc:subfield>
      <marc:subfield code="2">rdacontent</marc:subfield>
    </marc:datafield>
    <marc:datafield tag="337" ind1=" " ind2=" ">
      <marc:subfield code="a">computer</marc:subfield>
      <marc:subfield code="b">c</marc:subfield>
      <marc:subfield code="2">rdamedia</marc:subfield>
    </marc:datafield>
    <marc:datafield tag="338" ind1=" " ind2=" ">
      <marc:subfield code="a">online resource</marc:subfield>
      <marc:subfield code="b">cr</marc:subfield>
      <marc:subfield code="2">rdacarrier</marc:subfield>
    </marc:datafield>
    <marc:datafield tag="490" ind1="1" ind2=" ">
      <marc:subfield code="a">Open file, </marc:subfield>
      <marc:subfield code="x">2816-7155 ; </marc:subfield>
      <marc:subfield code="v">9064</marc:subfield>
    </marc:datafield>
    <marc:datafield tag="504" ind1=" " ind2=" ">
      <marc:subfield code="a">Includes bibliographical references (pages 23-24).</marc:subfield>
    </marc:datafield>
    <marc:datafield tag="520" ind1=" " ind2=" ">
      <marc:subfield code="a">"The Marine Geoscience for Marine Spatial Planning (MGMSP) program, implemented by Natural Resources Canada (NRCan), is an initiative with the goal of offering innovative regional geoscience products to support the Department of Fisheries and Oceans (DFO) in their Marine Spatial Planning endeavors. To develop spatial management plans for various expansive bioregions across Canada, the DFO has undertaken the task of creating comprehensive ocean management strategies. Presently, the MGMSP program is concentrating its efforts on two significant bioregions, namely the Scotian Shelf and Newfoundland and Labrador Shelves bioregions. In pursuit of this objective, the work presented in this report has focussed on the assimilation and gridding of numerous disparate bathymetry datasets sourced from authoritative and reliable channels. The purpose of this comprehensive data gathering approach is to establish a unified bathymetric grid, with a consistent spatial resolution, which can be utilized in both oceanographic modeling and geological interpretation. By collating information from a diverse range of sources, we aim to create a comprehensive and reliable foundation that will enable accurate and informed decision-making in the field of marine spatial planning, as well as enhance the accuracy and reliability of subsequent analyses and simulations"--Background and objectives, page 1.</marc:subfield>
    </marc:datafield>
    <marc:datafield tag="650" ind1=" " ind2="0">
      <marc:subfield code="a">Multibeam mapping</marc:subfield>
      <marc:subfield code="z">Scotian Shelf.</marc:subfield>
    </marc:datafield>
    <marc:datafield tag="650" ind1=" " ind2="0">
      <marc:subfield code="a">Multibeam mapping</marc:subfield>
      <marc:subfield code="z">Labrador Shelf.</marc:subfield>
    </marc:datafield>
    <marc:datafield tag="650" ind1=" " ind2="0">
      <marc:subfield code="a">Multibeam mapping</marc:subfield>
      <marc:subfield code="z">Newfoundland Shelf.</marc:subfield>
    </marc:datafield>
    <marc:datafield tag="650" ind1=" " ind2="6">
      <marc:subfield code="a">Bathymétrie par secteurs</marc:subfield>
      <marc:subfield code="z">Néo-écossaise, Plateforme.</marc:subfield>
    </marc:datafield>
    <marc:datafield tag="650" ind1=" " ind2="6">
      <marc:subfield code="a">Bathymétrie par secteurs</marc:subfield>
      <marc:subfield code="z">Labrador, Plateau du.</marc:subfield>
    </marc:datafield>
    <marc:datafield tag="650" ind1=" " ind2="6">
      <marc:subfield code="a">Bathymétrie par secteurs</marc:subfield>
      <marc:subfield code="z">Terre-Neuve, Plateau de.</marc:subfield>
    </marc:datafield>
    <marc:datafield tag="710" ind1="2" ind2=" ">
      <marc:subfield code="a">Geological Survey of Canada, </marc:subfield>
      <marc:subfield code="e">issuing body.</marc:subfield>
    </marc:datafield>
    <marc:datafield tag="830" ind1="#" ind2="0">
      <marc:subfield code="a">Open file (Geological Survey of Canada)</marc:subfield>
      <marc:subfield code="v">9064.</marc:subfield>
      <marc:subfield code="w">(CaOODSP)9.506878</marc:subfield>
    </marc:datafield>
    <marc:datafield tag="856" ind1="4" ind2="0">
      <marc:subfield code="q">PDF</marc:subfield>
      <marc:subfield code="s">5.76 MB</marc:subfield>
      <marc:subfield code="u">https://publications.gc.ca/collections/collection_2024/rncan-nrcan/m183-2/M183-2-9064-eng.pdf</marc:subfield>
    </marc:datafield>
    <marc:datafield tag="856" ind1="4" ind2=" ">
      <marc:subfield code="q">HTML</marc:subfield>
      <marc:subfield code="s">N/A</marc:subfield>
      <marc:subfield code="u">https://doi.org/10.4095/332197</marc:subfield>
    </marc:datafield>
  </marc:record>
</marc:collection>
